00000000nam##2200000za#4500
0019.658563
003CaOODSP
00520200330140739
007ta
008150407|1996||||xxc|||||     f|0| 0 eng|d
020 |a0-662-62442-4
040 |aCaOODSP|beng
041 |aeng
041 |afre
043 |an-cn---
0861 |aM22-123/1996
1101 |aCanada. |bNatural Resources Canada.
24514|aThe federal governments's response to the interim report of the Standing Committee on Natural Resources: Streamlining environmental regulation for mining / |cBy the Honourable A. Anne McLellan, Minister of Natural Resources.
260 |aOttawa - Ontario : |bNatural Resources Canada |c1996.
300 |aEnglish text, 22p. ; |c28 cm.
500 |aTabled in the House of Commons.
546 |aBilingual
563 |aSoftcover
590 |a96-32|b1996-08-09
69007|aMining industry|2gcpds
7201 |aMcLellan, A. Anne
7760#|tRéponse du gouvernement fédéral au rapport provisoire du Comité permanent des ressources naturelles intitulé : |w(CaOODSP)9.642541
7760#|tThe federal governments's response to the interim report of the Standing Committee on Natural Resources : |w(CaOODSP)9.698534
792 |tRéponse du gouvernement fédéral au rapport provisoire du Comité permanent des ressources naturelles intitulé Rationalisation de la réglementation environnementale régissant l'exploitation minière / |efre|w(CaOODSP)9.658564